Gases Nobres - Statistics

Estatísticas Gerais
  • Esse quiz foi jogado 8 870 vezes
  • A pontuação média é 4 de 6
Estatísticas das Respostas
# Símbolo Elemento % Correto
2 He Hélio
96%
10 Ne Neônio
60%
54 Xe Xenônio
60%
18 Ar Argônio
59%
36 Kr Criptônio
42%
86 Rn Radônio
36%
Nenhum quiz correspondente encontrado
Distribuição das Pontuações
Porcentagem de Pessoas com Cada Pontuação
Percentil de Números Respondidos
Sua Pontuação Histórica
Você não jogou esse quiz